[Event "Berlin-ch Seniors op 25th"]
[Site "Berlin"]
[Date "2009.02.19"]
[Round "8"]
[White "Hahn, Wolfgang"]
[Black "Meljanicic, Jozo"]
[Result "1-0"]
[WhiteElo "1547"]
[BlackElo "1089"]
[PlyCount "115"]
[EventDate "2009.02.12"]
[EventType "swiss"]
[EventRounds "9"]
[EventCountry "GER"]
[SourceTitle "EXT 2022"]
[Source "ChessBase"]
[SourceDate "2021.10.06"]
[SourceVersion "1"]
[SourceVersionDate "2021.10.06"]
[SourceQuality "1"]

1. c4 e5 2. Nc3 c6 3. e3 Nf6 4. Nf3 e4 5. Ng5 d5 6. cxd5 cxd5 7. Bb5+ Nc6 8. Qb3 a6 9. Bxc6+ bxc6 10. Na4 Nd7 11. Nh3 Nc5 12. Nxc5 Bxc5 13. Qc3 Bf8 14. Qxc6+ Bd7 15. Qxd5 Bxh3 16. Qxd8+ Rxd8 17. gxh3 g6 18. b3 Bg7 19. Rb1 0-0 20. Bb2 Rc8 21. Bxg7 Kxg7 22. Ke2 Rc2 23. a4 Rd8 24. Rhd1 a5 25. b4 axb4 26. Rxb4 f5 27. Rbb1 Ra2 28. Ra1 Rc2 29. a5 Ra8 30. Ra4 Ra6 31. f3 Kf6 32. fxe4 fxe4 33. Rxe4 Rxa5 34. h4 Kf5 35. Rd4 Ke5 36. Rg1 Rca2 37. h5 Ra6 38. hxg6 Rxg6 39. Rxg6 hxg6 40. h4 Ra3 41. Rb4 Kf6 42. Rb5 Ra4 43. h5 g5 44. Rb6+ Kf5 45. d4 Kg4 46. h6 Ra2+ 47. Kd3 Rh2 48. Rf6 Kg3 49. d5 g4 50. d6 Rh5 51. Ke4 Kg2 52. d7 g3 53. d8Q Kh2 54. Qd6 Rh4+ 55. Kf3 Rh3 56. Rf5 Kg1 57. Rh5 g2+ 58. Rxh3 1-0